00686cam a22002538i 450000100090000000300050000900500170001400800410003101000170007202000290008904000240011804200080014205000290015008200150017910000300019424500380022426300090026226400490027130000210032033600260034133700280036733800270039552100100042220834421322820221109121621.0190201s2019 nyu 000 1 eng  a 2019003589 a9781509889914qPaperback aDLCbengerdac3228 apcc00aPS3623.E432478bG66 201900a813.6 WEIS1 aWeisgarber, Ann,eauthor.14aThe glovemaker /cAnn Weisgarber. a1902 1aNew York, NY :bSkyhorse Publishing,c[2019] a290 pagesc23 cm atextbtxt2rdacontent aunmediatedbn2rdamedia avolumebnc2rdacarrier aAdult